Catalog

Record Details

Catalog Search



Franklin's soapbox derby  Cover Image Book Book

Franklin's soapbox derby / [story written by Sharon Jennings ; illustrated by Sean Jeffrey, Sasha McIntyre and Jelena Sisic ; edited by Yvette Ghione].

Bourgeois, Paulette. (Author). Jennings, Sharon. (Added Author). Clark, Brenda. (Added Author). Jeffrey, Sean. (Added Author). Sisic, Jelena. (Added Author). McIntyre, Sasha. (Added Author). Ghione, Yvette. (Added Author).

Record details

  • ISBN: 1553378180 (bound)
  • ISBN: 1553378199 (pbk.)
  • Physical Description: 32 pages : color illustrations ; 24 cm.
  • Publisher: Toronto : Kids Can Press, c2006.

Content descriptions

General Note:
The character Franklin was created by Paulette Bourgeois and Brenda Clark.
"Based on the TV episode Franklin's go-cart race, written by Brian Lasenby" --Prelim.
Subject: Franklin (Fictitious character : Bourgeois).
Soap box derbies > Juvenile fiction.

Available copies

  • 1 of 1 copy available at scottsboropl.

Holds

  • 0 current holds with 1 total copy.
Show Only Available Copies
Location Call Number / Copy Notes Barcode Shelving Location Status Due Date
scottsboropl BR Bou 32269000779812 Juvenile - Beginning Reader Available -

LDR 01442pam a2200373 a 4500
001129425
003CONS
00520140703073305.0
008050303s2006 onca j 000 f eng
020 . ‡a1553378180 (bound)
020 . ‡a1553378199 (pbk.)
0248 . ‡z9781553378181
0248 . ‡z9781553378198
035 . ‡a(CPomAG)LMN498997
0820 . ‡ajC813/.54 ‡222
1001 . ‡aBourgeois, Paulette.
24510. ‡aFranklin's soapbox derby / ‡c[story written by Sharon Jennings ; illustrated by Sean Jeffrey, Sasha McIntyre and Jelena Sisic ; edited by Yvette Ghione].
260 . ‡aToronto : ‡bKids Can Press, ‡cc2006.
300 . ‡a32 pages : ‡bcolor illustrations ; ‡c24 cm.
440 0. ‡aKids Can read with help, ‡nlevel 2
440 0. ‡aKids Can read (Toronto, Ont.)
500 . ‡aThe character Franklin was created by Paulette Bourgeois and Brenda Clark.
500 . ‡a"Based on the TV episode Franklin's go-cart race, written by Brian Lasenby" --Prelim.
650 0. ‡aFranklin (Fictitious character : Bourgeois).
650 0. ‡aSoap box derbies ‡vJuvenile fiction.
7001 . ‡aJennings, Sharon.
7001 . ‡aClark, Brenda.
7001 . ‡aJeffrey, Sean.
7001 . ‡aSisic, Jelena.
7001 . ‡aMcIntyre, Sasha.
7001 . ‡aGhione, Yvette.
914 . ‡aScp_ds ‡dLMN_cm
959 . ‡i32269000779812 ‡lBR Bou ‡aJuvenile - Easy ‡tBeginning Reader ‡g18.00
852 . ‡p32269000779812 ‡jBR Bou ‡gJuvenile - Easy ‡cBeginning Reader ‡y18.00 ‡bSBPL
901 . ‡a129425 ‡bUnknown ‡c129425 ‡tbiblio

Additional Resources